| 000 | 00356nam a22001577a 4500 | ||
|---|---|---|---|
| 003 | SGT | ||
| 020 | _a978-0323-27972-7 | ||
| 082 | _a617.51, C15F | ||
| 100 | _aFLINT, PAUL W. | ||
| 245 | _aCMMINGS OTOLARYNGOLGOY HEAD & NECK SURGERY | ||
| 250 | _a6TH | ||
| 260 |
_aPHILADELPHIA _bELSEVIER _c2015 |
||
| 300 | _a2233 | ||
| 650 | _aE.N.T | ||
| 942 |
_2ddc _cBK |
||
| 999 |
_c8437 _d8437 |
||